[Event "Manizales op 27th"]
[Site "Manizales"]
[Date "2022.01.08"]
[Round "4"]
[White "Pinzon, Jairo David"]
[Black "Ocampo Betancur, Cristina Angela"]
[Result "1-0"]
[WhiteElo "2222"]
[BlackElo "2030"]
[PlyCount "59"]
[EventDate "2022.01.06"]
[EventType "swiss"]
[EventRounds "8"]
[EventCountry "COL"]
[SourceTitle "CBM 206 Extra"]
[Source "ChessBase"]
[SourceDate "2022.03.31"]
[SourceVersion "1"]
[SourceVersionDate "2022.03.31"]
[SourceQuality "1"]

1. e3 d5 2. b3 Nf6 3. Bb2 e6 4. f4 c5 5. Nf3 Nc6 6. Bb5 Bd6 7. 0-0 0-0 8. Bxc6 bxc6 9. d3 Re8 10. Ne5 Qc7 11. Nd2 Nd7 12. Nxd7 Bxd7 13. Qf3 a5 14. a4 Rab8 15. e4 Bc8 16. Rae1 Ba6 17. Qg4 Bf8 18. Be5 Qd7 19. Bxb8 Rxb8 20. f5 exf5 21. Qxf5 Qxf5 22. exf5 c4 23. dxc4 Bc5+ 24. Kh1 Bb4 25. Re2 Kf8 26. h3 Rd8 27. f6 dxc4 28. Nxc4 Bxc4 29. bxc4 Rd4 30. Re8+ 1-0

[Event "Bogota El Tablazo Blitz op"]
[Site "Bogota"]
[Date "2021.11.07"]
[Round "1"]
[White "Acosta, Jaime"]
[Black "Pinzon, Jairo David"]
[Result "0-1"]
[WhiteElo "1505"]
[BlackElo "2145"]
[PlyCount "71"]
[EventDate "2021.11.07"]
[EventType "swiss"]
[EventRounds "14"]
[EventCountry "COL"]
[SourceTitle "CBM 205 Extra"]
[Source "ChessBase"]
[SourceDate "2022.01.31"]
[SourceVersion "1"]
[SourceVersionDate "2022.01.31"]
[SourceQuality "1"]

1. e4 c5 2. Nf3 d6 3. c4 g6 4. Nc3 Bg7 5. d4 cxd4 6. Nxd4 Nc6 7. Be3 Nf6 8. Be2 0-0 9. 0-0 Nxd4 10. Bxd4 Be6 11. Rc1 Qa5 12. a3 Rfc8 13. Nd5 Bxd5 14. exd5 a6 15. Bc3 Qd8 16. Bd4 Rab8 17. Bf3 b5 18. cxb5 axb5 19. Rxc8 Rxc8 20. Qd2 Qd7 21. Rc1 h5 22. Rxc8+ Qxc8 23. h3 Qf5 24. Be3 Nd7 25. Qb4 Qb1+ 26. Kh2 Qxb2 27. Qxb2 Bxb2 28. Be2 Bxa3 29. Bxb5 Nf6 30. Bc6 Bb2 31. Bg5 Kg7 32. Bxf6+ Kxf6 33. g3 Ke5 34. h4 Kd4 35. Kg2 Kc5 36. Ba8 0-1

[Event "Bogota El Tablazo Blitz op"]
[Site "Bogota"]
[Date "2021.11.07"]
[Round "7"]
[White "Pinzon, Jairo David"]
[Black "Arandia la Rosa, Eduardo Jose"]
[Result "1-0"]
[WhiteElo "2145"]
[BlackElo "1829"]
[PlyCount "56"]
[EventDate "2021.11.07"]
[EventType "swiss"]
[EventRounds "14"]
[EventCountry "COL"]
[SourceTitle "CBM 205 Extra"]
[Source "ChessBase"]
[SourceDate "2022.01.31"]
[SourceVersion "1"]
[SourceVersionDate "2022.01.31"]
[SourceQuality "1"]

1. c4 c5 2. g3 Nc6 3. Bg2 Nf6 4. Nc3 d6 5. Nf3 e5 6. d3 Be7 7. 0-0 Be6 8. e4 Bg4 9. h3 Bxf3 10. Bxf3 Nd4 11. Bg2 0-0 12. Ne2 Nxe2+ 13. Qxe2 Nd7 14. f4 f5 15. exf5 Rxf5 16. Bxb7 Rb8 17. Bd5+ Kh8 18. Be4 Rf8 19. b3 exf4 20. Bxf4 Bf6 21. Rae1 Ne5 22. Kg2 Qd7 23. Bxe5 Bxe5 24. Qh5 g6 25. Bxg6 Rg8 26. Rf7 Qc6+ 27. Be4 Rxg3+ 28. Kh1 Qxe4+ 1-0

[Event "Bogota El Tablazo op"]
[Site "Bogota"]
[Date "2021.11.07"]
[Round "7"]
[White "Ruiz Aguilar, Pablo Alexander"]
[Black "Pinzon, Jairo David"]
[Result "1-0"]
[WhiteElo "2144"]
[BlackElo "2238"]
[PlyCount "109"]
[EventDate "2021.11.04"]
[EventType "swiss"]
[EventRounds "7"]
[EventCountry "COL"]
[SourceTitle "CBM 205 Extra"]
[Source "ChessBase"]
[SourceDate "2022.01.31"]
[SourceVersion "1"]
[SourceVersionDate "2022.01.31"]
[SourceQuality "1"]

1. e4 c5 2. Nf3 d6 3. d4 cxd4 4. Nxd4 Nf6 5. Nc3 Nc6 6. Be2 e5 7. Nf3 h6 8. 0-0 Be6 9. Re1 Be7 10. h3 0-0 11. Bf1 Rc8 12. Nd5 Bxd5 13. exd5 Nb8 14. c4 Nbd7 15. b4 Nh7 16. a4 f5 17. Ba3 Ng5 18. c5 Nxf3+ 19. Qxf3 dxc5 20. d6 Bg5 21. bxc5 e4 22. Qb3+ Kh8 23. Qxb7 Nxc5 24. Qd5 Nd7 25. Bb5 Rc2 26. Qb3 Rd2 27. Rad1 Qb6 28. Rxd2 Bxd2 29. Re2 Bg5 30. Qd5 Bf4 31. Bb2 Nf6 32. Qxf5 Bxd6 33. Bxf6 Rxf6 34. Qxe4 Bc5 35. Bd3 g6 36. Kh1 Kg7 37. f4 Bd6 38. g3 h5 39. h4 Qb3 40. Kg2 Bc5 41. Bc2 Qc3 42. Qd5 Kh6 43. Qg8 Rb6 44. Kh3 Qa1 45. Be4 Bd4 46. Rd2 Bg7 47. Qd5 Qf1+ 48. Bg2 Qb1 49. Qg5+ Kh7 50. Rd7 Qa1 51. f5 Qxa4 52. fxg6+ Rxg6 53. Qxh5+ Rh6 54. Qf5+ Rg6 55. h5 1-0

[Event "Bogota El Tablazo op"]
[Site "Bogota"]
[Date "2021.11.06"]
[Round "4"]
[White "Pinzon, Jairo David"]
[Black "Bejarano, Danny Andres"]
[Result "1-0"]
[WhiteElo "2238"]
[BlackElo "1934"]
[PlyCount "90"]
[EventDate "2021.11.04"]
[EventType "swiss"]
[EventRounds "7"]
[EventCountry "COL"]
[SourceTitle "CBM 205 Extra"]
[Source "ChessBase"]
[SourceDate "2022.01.31"]
[SourceVersion "1"]
[SourceVersionDate "2022.01.31"]
[SourceQuality "1"]

1. e4 e6 2. d4 d5 3. exd5 exd5 4. Bd3 Bd6 5. Qf3 Nc6 6. c3 Be6 7. Ne2 Qd7 8. Bf4 Nge7 9. Bxd6 Qxd6 10. Nd2 0-0-0 11. 0-0-0 g5 12. h4 g4 13. Qf6 Kb8 14. Nf1 Bc8 15. Qxd6 Rxd6 16. Ne3 Rf6 17. Rdf1 h5 18. g3 Nd8 19. Nf4 c6 20. f3 Ne6 21. Nxe6 Rxe6 22. Kd2 gxf3 23. Rxf3 Rg8 24. Ke2 f5 25. Kf2 Rf6 26. Ng2 Ng6 27. Nf4 Nxf4 28. Rxf4 Rfg6 29. Rg1 Rf8 30. Re1 Re6 31. Rxe6 Bxe6 32. Be2 Rh8 33. Rf3 Kc7 34. Bd3 Rf8 35. Ke3 Kd6 36. Kf4 Rg8 37. Ke3 Rf8 38. Be2 Rg8 39. Kf2 Rh8 40. Re3 Ke7 41. Kf3 Kf6 42. Kf4 Rh7 43. Re5 Ke7 44. Bd3 Rg7 45. Bxf5 Rf7 1-0

[Event "COL-ch"]
[Site "Cali"]
[Date "2021.09.19"]
[Round "11"]
[White "Pinzon, Jairo David"]
[Black "Carrillo Parra, Miguel Alfredo"]
[Result "1-0"]
[WhiteElo "2194"]
[BlackElo "2206"]
[PlyCount "93"]
[EventDate "2021.09.14"]
[EventType "tourn"]
[EventRounds "11"]
[EventCountry "COL"]
[EventCategory "5"]
[SourceTitle "CBM 204 Extra"]
[Source "ChessBase"]
[SourceDate "2021.11.30"]
[SourceVersion "1"]
[SourceVersionDate "2021.11.30"]
[SourceQuality "1"]

1. c4 e6 2. e3 d5 3. Nc3 Nf6 4. b3 c5 5. d3 d4 6. exd4 cxd4 7. Ne4 Nc6 8. Nxf6+ Qxf6 9. a3 Bd6 10. g3 0-0 11. Bg2 e5 12. Nf3 Bf5 13. Nh4 Bd7 14. b4 Rae8 15. 0-0 a6 16. f4 exf4 17. Bxf4 Bxf4 18. Rxf4 Qd6 19. Nf5 Bxf5 20. Rxf5 Re3 21. Qf1 Qe7 22. Bd5 Ne5 23. Qf4 g6 24. Qxd4 Nc6 25. Qg4 Re2 26. Raf1 Qe3+ 27. R5f2 Rxf2 28. Rxf2 Qxd3 29. Qf3 Qxf3 30. Rxf3 Kg7 31. Re3 Kf6 32. Kf1 a5 33. b5 Ne5 34. c5 Rc8 35. Rc3 Nd7 36. Rf3+ Ke5 37. Rxf7 Nf6 38. Bxb7 Rxc5 39. Bc6 Rc2 40. Ra7 Ng4 41. Rxa5 Ne3+ 42. Ke1 Kd4 43. Ra4+ Nc4 44. b6 Ke3 45. Kd1 Rc3 46. Rb4 Kd3 47. Bb5 1-0

[Event "COL-ch"]
[Site "Cali"]
[Date "2021.09.17"]
[Round "6"]
[White "Pinzon, Jairo David"]
[Black "Sanchez, Sebastian Felipe"]
[Result "0-1"]
[WhiteElo "2194"]
[BlackElo "2438"]
[PlyCount "73"]
[EventDate "2021.09.14"]
[EventType "tourn"]
[EventRounds "11"]
[EventCountry "COL"]
[EventCategory "5"]
[SourceTitle "CBM 204 Extra"]
[Source "ChessBase"]
[SourceDate "2021.11.30"]
[SourceVersion "1"]
[SourceVersionDate "2021.11.30"]
[SourceQuality "1"]

1. e4 e6 2. d4 d5 3. exd5 exd5 4. Bd3 Nc6 5. c3 Bd6 6. Qf3 Nge7 7. Ne2 Be6 8. Bf4 Ng6 9. Bxd6 Qxd6 10. h4 0-0-0 11. h5 Nge7 12. Nd2 Qd7 13. 0-0-0 Rhe8 14. Rde1 Bf5 15. Nf4 g5 16. Bxf5 Qxf5 17. Nd3 f6 18. g3 b6 19. Re3 Qxf3 20. Rxf3 Ng8 21. Nf1 Re6 22. Ne3 Nce7 23. Kd2 Nh6 24. g4 Nf7 25. Rg3 Nd6 26. f3 Re8 27. Rg2 Kd7 28. b3 a5 29. Re1 a4 30. Rge2 Ra8 31. c4 axb3 32. cxd5 Rxa2+ 33. Kd1 Rxe3 34. Rxe3 Nxd5 35. Nb4 Nxe3+ 36. Rxe3 Ra1+ 37. Ke2 0-1

[Event "COL-ch"]
[Site "Cali"]
[Date "2021.09.15"]
[Round "2"]
[White "Pinzon, Jairo David"]
[Black "Palencia Morales, Wilson Guillermo"]
[Result "0-1"]
[WhiteElo "2194"]
[BlackElo "2369"]
[PlyCount "88"]
[EventDate "2021.09.14"]
[EventType "tourn"]
[EventRounds "11"]
[EventCountry "COL"]
[EventCategory "5"]
[SourceTitle "CBM 204 Extra"]
[Source "ChessBase"]
[SourceDate "2021.11.30"]
[SourceVersion "1"]
[SourceVersionDate "2021.11.30"]
[SourceQuality "1"]

1. c4 Nf6 2. Nc3 c5 3. Nf3 Nc6 4. d4 cxd4 5. Nxd4 e5 6. Nc2 d6 7. g3 Be6 8. Ne3 Be7 9. Bg2 0-0 10. 0-0 a6 11. b3 Rb8 12. Ned5 Ne8 13. Be3 b5 14. cxb5 axb5 15. Qd2 b4 16. Na4 Bxd5 17. Bxd5 Nd4 18. Rac1 Bf6 19. Bxd4 exd4 20. Qc2 g6 21. Rfe1 Bg7 22. e3 dxe3 23. Rxe3 Bh6 24. f4 Bg7 25. Kg2 Nf6 26. Bf3 d5 27. Nc5 Qb6 28. Qd2 Rfe8 29. Re5 Red8 30. Qd3 Rbc8 31. Na4 Qd6 32. Rxc8 Rxc8 33. Re2 d4 34. Re5 h5 35. Nb2 Rc3 36. Qd2 d3 37. Bd1 Ng4 38. Re8+ Kh7 39. Re1 Qd5+ 40. Kh3 Nf6 41. Nc4 Ne4 42. Qe3 f5 43. Bf3 d2 44. Bxe4 Rxe3 0-1

[Event "COL-ch sf"]
[Site "Santa Rosa"]
[Date "2021.08.16"]
[Round "11"]
[White "Pinzon, Jairo David"]
[Black "Zuluaga Mancilla, Cesar"]
[Result "1-0"]
[WhiteElo "2167"]
[BlackElo "2265"]
[PlyCount "141"]
[EventDate "2021.08.11"]
[EventType "swiss"]
[EventRounds "11"]
[EventCountry "COL"]
[SourceTitle "CBM 204 Extra"]
[Source "ChessBase"]
[SourceDate "2021.11.30"]
[SourceVersion "1"]
[SourceVersionDate "2021.11.30"]
[SourceQuality "1"]

1. e4 c5 2. Nc3 e6 3. Bc4 a6 4. a4 Nc6 5. f4 Nge7 6. d3 d5 7. Ba2 Nb4 8. Bb3 dxe4 9. Nxe4 Nf5 10. Nf3 Be7 11. 0-0 0-0 12. Qe1 b6 13. Ng3 Nxg3 14. Qxg3 Bf6 15. Ne5 Bb7 16. Be3 Nd5 17. Bf2 Ne7 18. c3 Nf5 19. Qh3 Bxe5 20. fxe5 Qg5 21. Rad1 Rac8 22. Bc2 f6 23. Bb3 Rce8 24. Bxc5 Rf7 25. Rxf5 exf5 26. e6 Rc7 27. Bxb6 Rc6 28. e7+ Kh8 29. Bd8 Rc8 30. Qg3 Qh5 31. Re1 f4 32. Qxf4 Rc5 33. d4 Rf5 34. Bf7 g6 35. Bxe8 Rxf4 36. Bd7 Re4 37. Rxe4 Qd1+ 38. Kf2 Qd2+ 39. Kf1 Qd3+ 40. Re2 Bxg2+ 41. Ke1 Qb1+ 42. Kf2 Qf1+ 43. Ke3 Qf3+ 44. Kd2 Qf4+ 45. Kc2 Be4+ 46. Kb3 Bd5+ 47. Ka3 Qd6+ 48. b4 Bf7 49. e8Q+ Bxe8 50. Rxe8+ Kg7 51. Re7+ Kh6 52. a5 f5 53. Ka4 f4 54. b5 axb5+ 55. Bxb5 Qxd8 56. Rd7 Qc8 57. Kb4 Qf8+ 58. Ka4 f3 59. a6 f2 60. a7 Qc8 61. Kb3 Qg8+ 62. d5 Qc8 63. Kb4 Kg5 64. d6 Kf6 65. Rxh7 Qd8 66. d7 Qf8+ 67. Ka5 Qa3+ 68. Kb6 Qd6+ 69. Kb7 Qd5+ 70. Bc6 Qb3+ 71. Kc8 1-0

[Event "COL-ch sf"]
[Site "Santa Rosa"]
[Date "2021.08.15"]
[Round "9"]
[White "Pinzon, Jairo David"]
[Black "Munoz Galvez, Jhon Edison"]
[Result "1/2-1/2"]
[WhiteElo "2167"]
[BlackElo "2307"]
[PlyCount "79"]
[EventDate "2021.08.11"]
[EventType "swiss"]
[EventRounds "11"]
[EventCountry "COL"]
[SourceTitle "CBM 204 Extra"]
[Source "ChessBase"]
[SourceDate "2021.11.30"]
[SourceVersion "1"]
[SourceVersionDate "2021.11.30"]
[SourceQuality "1"]

1. c4 Nf6 2. d4 d6 3. Nc3 Nbd7 4. g3 g6 5. Bg2 Bg7 6. e3 a6 7. Nge2 0-0 8. 0-0 e5 9. b3 Re8 10. Bb2 h5 11. Qd2 e4 12. Rae1 Nf8 13. Nf4 Bf5 14. f3 c6 15. fxe4 Nxe4 16. Nxe4 Bxe4 17. d5 Bxb2 18. Qxb2 c5 19. Bf3 Bxf3 20. Rxf3 Nh7 21. e4 b5 22. e5 Ng5 23. Rff1 dxe5 24. Rxe5 bxc4 25. bxc4 Rb8 26. Qe2 Qd7 27. h4 Nh7 28. Nd3 Rxe5 29. Nxe5 Qd6 30. Nxf7 Qxg3+ 31. Qg2 Qxg2+ 32. Kxg2 Rb2+ 33. Kg3 Nf8 34. Ne5 Rxa2 35. Rd1 Re2 36. Kf4 Rh2 37. Nf3 Rc2 38. Ne5 Rh2 39. Nf3 Rc2 40. Ne5 1/2-1/2

[Event "COL-ch sf"]
[Site "Santa Rosa"]
[Date "2021.08.14"]
[Round "7"]
[White "Prasca Sosa, Rafael Felipe"]
[Black "Pinzon, Jairo David"]
[Result "1/2-1/2"]
[WhiteElo "2377"]
[BlackElo "2167"]
[PlyCount "104"]
[EventDate "2021.08.11"]
[EventType "swiss"]
[EventRounds "11"]
[EventCountry "COL"]
[SourceTitle "CBM 204 Extra"]
[Source "ChessBase"]
[SourceDate "2021.11.30"]
[SourceVersion "1"]
[SourceVersionDate "2021.11.30"]
[SourceQuality "1"]

1. e4 Nc6 2. Nf3 d5 3. exd5 Qxd5 4. d4 Bg4 5. Be2 0-0-0 6. c4 Qh5 7. Be3 Nf6 8. Nbd2 e5 9. d5 Nd4 10. Nxd4 exd4 11. Bxg4+ Nxg4 12. Bxd4 Re8+ 13. Kf1 Nxh2+ 14. Kg1 Qxd1+ 15. Rxd1 Ng4 16. f3 Ne5 17. Re1 f6 18. a3 Kd7 19. Rh4 Nd3 20. Rxe8 Kxe8 21. Re4+ Kd7 22. Re3 Nc5 23. b4 Na4 24. c5 b6 25. Ne4 Be7 26. c6+ Kd8 27. b5 Rf8 28. d6 cxd6 29. Nc3 Nxc3 30. Bxc3 Rf7 31. Bb4 Bf8 32. Re6 a6 33. bxa6 Ra7 34. Kh2 Ra8 35. Bxd6 Bxd6+ 36. Rxd6+ Kc8 37. Rd7 Rxa6 38. Rxg7 Rxa3 39. Rf7 Rc3 40. Rxf6 b5 41. Rf8+ Kc7 42. Rf7+ Kxc6 43. Rxh7 b4 44. Rh8 Rc5 45. Rc8+ Kd5 46. Rb8 Kc4 47. g4 b3 48. f4 Rb5 49. Rc8+ Kd4 50. Rc1 b2 51. Rb1 Ke4 52. f5 Kf4 1/2-1/2

[Event "COL-ch sf"]
[Site "Santa Rosa"]
[Date "2021.08.13"]
[Round "4"]
[White "Barrientos Chavarriaga, Sergio E"]
[Black "Pinzon, Jairo David"]
[Result "1-0"]
[WhiteElo "2490"]
[BlackElo "2167"]
[PlyCount "29"]
[EventDate "2021.08.11"]
[EventType "swiss"]
[EventRounds "11"]
[EventCountry "COL"]
[SourceTitle "CBM 204 Extra"]
[Source "ChessBase"]
[SourceDate "2021.11.30"]
[SourceVersion "1"]
[SourceVersionDate "2021.11.30"]
[SourceQuality "1"]

1. d4 c5 2. d5 b5 3. e4 a6 4. a4 b4 5. Nd2 d6 6. b3 Nf6 7. Bb2 g6 8. f4 Bg7 9. Ngf3 0-0 10. Bd3 e6 11. dxe6 fxe6 12. 0-0 Nc6 13. Qe1 Nh5 14. Bxg7 Kxg7 15. g3 1-0

[Event "COL-chT"]
[Site "Cartagena"]
[Date "2019.11.28"]
[Round "7.4"]
[White "Escobar Medina, Andres F"]
[Black "Pinzon, Jairo David"]
[Result "1-0"]
[WhiteElo "2232"]
[BlackElo "2151"]
[PlyCount "121"]
[EventDate "2019.11.24"]
[EventType "team-swiss"]
[EventRounds "7"]
[EventCountry "COL"]
[SourceTitle "CBM 193 Extra"]
[Source "ChessBase"]
[SourceDate "2020.01.31"]
[SourceVersion "1"]
[SourceVersionDate "2020.01.31"]
[SourceQuality "1"]
[WhiteTeam "Antioquia"]
[BlackTeam "Bogota"]
[WhiteTeamCountry "COL"]
[BlackTeamCountry "COL"]

1. Nf3 c5 2. c4 g6 3. Nc3 Bg7 4. d4 cxd4 5. Nxd4 Nc6 6. Nc2 Nf6 7. e4 d6 8. Be2 0-0 9. 0-0 a5 10. Be3 a4 11. f3 Be6 12. Na3 Qa5 13. Nd5 Bxd5 14. cxd5 Ne5 15. Rc1 Rfc8 16. Rxc8+ Rxc8 17. Bb5 Qb4 18. Qd2 Qxd2 19. Bxd2 Ra8 20. Rc1 Ne8 21. Rc2 f5 22. exf5 gxf5 23. f4 Ng4 24. Bd7 Bd4+ 25. Kf1 Nxh2+ 26. Ke2 Ng7 27. Kd3 Bf6 28. Nc4 Ng4 29. Nb6 Rd8 30. Bxa4 Nf2+ 31. Ke2 Ne4 32. Be3 Ne8 33. Kf3 Kf7 34. g4 Nc5 35. Bxc5 fxg4+ 36. Kxg4 dxc5 37. Nd7 Bd4 38. Nxc5 Nf6+ 39. Kf3 b6 40. Nb7 Rb8 41. Bc6 Rg8 42. b4 h5 43. d6 exd6 44. Nxd6+ Ke6 45. Nb5 Bg1 46. Re2+ Kf7 47. Nd6+ Kf8 48. Nf5 Rg6 49. Re6 Kf7 50. Re7+ Kf8 51. Rb7 Ne8 52. Bxe8 Kxe8 53. Ng7+ Kd8 54. Nxh5 Rc6 55. f5 Rc2 56. f6 Rxa2 57. f7 Rf2+ 58. Kg3 Rf5 59. Ng7 Rf6 60. Ne6+ Kc8 61. Re7 1-0

[Event "COL-ch Amateur U2300"]
[Site "Bogota"]
[Date "2018.02.16"]
[Round "2"]
[White "Pinzon, Jairo David"]
[Black "Quiros, Juan Pablo"]
[Result "1/2-1/2"]
[WhiteElo "2208"]
[BlackElo "2044"]
[PlyCount "82"]
[EventDate "2018.02.15"]
[EventType "swiss"]
[EventRounds "7"]
[EventCountry "COL"]
[SourceTitle "EXT 2024"]
[Source "ChessBase"]
[SourceDate "2023.10.10"]
[SourceVersion "1"]
[SourceVersionDate "2023.10.10"]
[SourceQuality "1"]

1. b3 d5 2. Bb2 Bf5 3. e3 e6 4. f4 Nf6 5. Nf3 h6 6. Be2 Nbd7 7. 0-0 c6 8. Ne5 Nxe5 9. fxe5 Nd7 10. Bg4 Bxg4 11. Qxg4 Qg5 12. Qxg5 hxg5 13. d4 f6 14. exf6 gxf6 15. c4 Bd6 16. h3 f5 17. Ba3 Bxa3 18. Nxa3 Ke7 19. Rac1 Rac8 20. Rc2 Nf6 21. cxd5 Nxd5 22. Re1 Nf6 23. Nc4 Rhd8 24. Ne5 Rd5 25. b4 Ne4 26. a4 Nd6 27. g3 a5 28. Rb1 axb4 29. Rxb4 c5 30. Rb1 Kd8 31. Rbc1 cxd4 32. Rxc8+ Nxc8 33. Nf7+ Kd7 34. exd4 Rxd4 35. Nxg5 Rxa4 36. Nxe6 Kxe6 37. Rxc8 Kf6 38. Kf2 Ra2+ 39. Kf3 Ra3+ 40. Kf4 Ra4+ 41. Kf3 Ke7 1/2-1/2